00385nam a22001337a 4500003000400000005001700004008004100021040000800062082001800070100004800088245004700136260005100183300001700234OSt20190123195707.0190123b ||||| |||| 00| 0 eng d cDLC a796.54bW481c aWentzel, Fred D. and Schlingman, Edward L.  aThe Counselor's Job in Camp and Conference aPhiladelphia;bchristian Education press:cc.  a62 p.;c19cm